00868nab a2200217uuc4500001000800000005001700008008004100025035001200066040001300078041000800091100005400099245017600153650003500329650003100364650004000395650003100435700005200466773010300518942001000621999001900631142194620260123122211.0150923e20150610 spa  a1421946 ccomduadb aspa10aBonilla Pineda, Martha Patricia4auteaut972242610aFortalecimiento de la autestima como eje transversal del desarrollo humano de los niños de transición a, Institución Educativa Sofía Hernández Marín de Pereira 7aDesarrollo infantil2dcs92771 aDesarrollo integral926584 7aAutoestima en niños2lemb9168218 aDesarrollo afectivo95900010aMuñoz Casas, Sandra María4auteaut97421310 tTextos y Sentidos (Pereira)gNúmero 11, Enero-Junio de 2015, 155-173w1320745x2215-88120644606 cARIMP c724287d724287